Пропуск в контексте

Маркетинг: экономика, финансы, контроллинг Учебное пособие

В пособии раскрываются теоретические положения маркетинга маркетинг-контроллинга методы оценки доходов от маркетинга и затрат на маркетинг осуществляется анализ эффективности маркетинга дается оценка влияния маркетинга на стоимость бизнеса. Книга иллюстрирована схемами графиками таблицами примерами...

תיאור מלא

שמור ב:
מידע ביבליוגרפי
מחבר ראשי: Рыжикова Т.Н
פורמט: Учебное пособие
מהדורה:1
סדרה:Высшее образование: Бакалавриат
גישה מקוונת:https://znanium.com/catalog/document?id=415465
https://znanium.com/cover/1893/1893652.jpg
תגים: הוספת תג
אין תגיות, היה/י הראשונ/ה לתייג את הרשומה!
LEADER 03838nam0a2200361 i 4500
001 RU\infra-m\znanium\bibl\1893652
003 https://znanium.com/catalog/document?id=415465
005 20240923000000.0
010 |a 978-5-16-012515-2 
010 |a 978-5-16-105668-4  |b электр. издание 
100 |a 20240923d2022 m y0rusy0150 ca 
101 0 |a rus 
102 |a RU 
200 1 |a Маркетинг: экономика, финансы, контроллинг  |e Учебное пособие  |f Московский государственный технический университет им. Н.Э. Баумана Национальный исследовательский университет 
205 |a 1 
210 1 |a Москва  |c ООО "Научно-издательский центр ИНФРА-М"  |d 2023 
215 |a 225 с. 
225 1 |a Высшее образование: Бакалавриат 
330 |a В пособии раскрываются теоретические положения маркетинга маркетинг-контроллинга методы оценки доходов от маркетинга и затрат на маркетинг осуществляется анализ эффективности маркетинга дается оценка влияния маркетинга на стоимость бизнеса. Книга иллюстрирована схемами графиками таблицами примерами содержит основные расчетные алгоритмы. Каждая глава завершается контрольными вопросами и заданиями направленными на усвоение материала. Соответствует требованиям Федерального государственного образовательного стандарта высшего образования последнего поколения. Для студентов образовательных организаций высшего образования обучающихся по направлению подготовки высшего образования 38.03.02 «Менеджмент» квалификации «бакалавр» а также для слушателей программ МВА аспирантов начальников маркетинговых служб аналитиков маркетинга маркетологов производителей товаров и услуг — для всех чья профессиональная деятельность связана со сферой маркетинга и стратегического управления. 
333 |a ВО - Бакалавриат 
606 |a Реклама. Маркетинг. PR  |x Основы маркетинга  |2 local 
608 |a Учебное пособие  |2 local 
675 |a 339.138(075.8)  |z rus 
686 |a 65.290-2я73  |2 rubbk 
686 |a 38.03.01  |2 okso 
686 |a 38.03.02  |2 okso 
686 |a 38.03.06  |2 okso 
686 |a 44.03.01  |2 okso 
686 |a 44.03.05  |2 okso 
700 1 |a Рыжикова  |b Т.Н.  |g Тамара Николаевна  |p Московский государственный технический университет им. Н.Э. Баумана Национальный исследовательский университет 
801 0 |a RU  |b Общество с ограниченной ответственностью «ЗНАНИУМ»  |c 20220530  |2 rusmarc 
856 4 |a znanium.com  |m ebs_support@infra-m.ru  |n НИЦ ИНФРА-М  |u https://znanium.com/catalog/document?id=415465 
856 4 1 |a znanium.com  |d /cover/1893  |f 1893652.jpg  |q image/jpeg  |u https://znanium.com/cover/1893/1893652.jpg